|
|
|
|
| LEADER |
01476nam a2200397 a 4500 |
| 001 |
000200159 |
| 003 |
CZ BrMZK |
| 005 |
20200430142703.0 |
| 007 |
ta |
| 008 |
960815s1997 xr f cze d |
| 015 |
|
|
|a cnb000214066
|
| 020 |
|
|
|a 80-85628-23-6
|q (v knize neuvedeno ;
|q brož.)
|z 80-85628-20-1
|
| 035 |
|
|
|a (OCoLC)38295824
|
| 040 |
|
|
|a BOA001
|b cze
|
| 041 |
0 |
|
|a cze
|b eng
|
| 045 |
|
|
|a x6x9
|
| 072 |
|
7 |
|a 72/76
|x Výtvarné umění
|2 Konspekt
|9 21
|
| 080 |
9 |
|
|a 72/76
|
| 100 |
1 |
|
|a Hajn, Alva,
|d 1938-1991
|7 jn19990003079
|4 aut
|
| 245 |
1 |
0 |
|a Alva Hajn :
|b [k výstavám na zámku Klenová 29.6.-17.8.1997 a v Galerii Půda v Lomnici nad Popelkou v roce 1998 /
|c pořadatel Galerie Klatovy-Klenová ; text Pavel Ondračka ... et al.]
|
| 260 |
|
|
|a Klatovy :
|b Galerie Klatovy-Klenová,
|c 1997
|
| 300 |
|
|
|a 75 s. :
|b il. (část. barev.) ;
|c 27 cm
|
| 500 |
|
|
|a Životop. data
|
| 500 |
|
|
|a Samost. a kol. výstavy
|
| 500 |
|
|
|a Zastoupení ve sbírkách
|
| 500 |
|
|
|a Realizace v architektuře
|
| 500 |
|
|
|a Angl. res.
|
| 504 |
|
|
|a Bibliogr.
|
| 600 |
1 |
7 |
|a Hajn, Alva,
|d 1938-1991
|7 jn19990003079
|2 czenas
|
| 655 |
|
7 |
|a katalogy výstav
|7 fd132536
|2 czenas
|
| 700 |
1 |
|
|a Ondračka, Pavel,
|d 1954-
|7 xx0027395
|4 wfw
|
| 710 |
2 |
|
|a Galerie Klatovy (Klenová, Klatovy, Česko)
|7 ko2002101755
|
| 910 |
|
|
|a BOA001
|b 3-1034.672
|
| 990 |
|
|
|a BK
|
| 991 |
|
|
|b 200705
|
| 996 |
6 |
|
|b 2610054852
|c 3-1034.672
|l MZK
|r Sklad / do 1 hodiny
|n 0
|p p.v.
|w 000200159
|u 000010
|a 1
|e BOA001
|j MZK50
|s P
|